Νεοελληνική τέχνη : συλλογή Γ. Ι. Κατσίγρα : περίοδος Γ'
Αποθηκεύτηκε σε:
| Συγγραφή απο Οργανισμό/Αρχή: | |
|---|---|
| Μορφή: | Βιβλίο |
| Γλώσσα: | Greek |
| Δημοσίευση: |
Λάρισα :
Δημαρχείο Λάρισας,
1988
|
| Θέματα: | |
| Ετικέτες: |
Προσθήκη ετικέτας
Δεν υπάρχουν, Καταχωρήστε ετικέτα πρώτοι!
|
MARC
| LEADER | 00000nam a2200000 i 4500 | ||
|---|---|---|---|
| 001 | 1/8257 | ||
| 008 | 000627s1988 gre d | ||
| 035 | |l 10062606 | ||
| 040 | |a GR-MY-UA |b gre |e aacr | ||
| 041 | 0 | |a gre | |
| 082 | 0 | |a 759.9495 | |
| 110 | 2 | |a Δήμος Λάρισας. | |
| 245 | 1 | 0 | |a Νεοελληνική τέχνη : |b συλλογή Γ. Ι. Κατσίγρα : περίοδος Γ' / |c Δήμος Λάρισας |
| 260 | |a Λάρισα : |b Δημαρχείο Λάρισας, |c 1988 | ||
| 300 | |a 59 σ.; |b εικ.; |c 24 εκ. | ||
| 600 | 1 | 0 | |a Κατσίγρας, Γεώργιος Ι., |d 1914- |
| 650 | 0 | 0 | |a Painting |z Greece |x Exhibitions. |
| 650 | 0 | 0 | |a Painting, Modern. |
| 650 | 0 | 0 | |a Painters |z Greece. |
| 852 | |a INST |b RHODES |e 20000627 |h 759.9495 ΔΗΜ |p 005400010616 |q 005400010616 |t BK |y 0 | ||
| 909 | |a Ρ |b 027382 | ||
| 922 | |a 4ΔΩΡ |b 199308 | ||
| 970 | |z 2000/06/ΔΕΜΕΝΑΓΑΣ (ELIDOC) | ||